| 000 | 00534nam a22001937a 4500 | ||
|---|---|---|---|
| 003 | OSt | ||
| 005 | 20180116183058.0 | ||
| 008 | 161124b xxu||||| |||| 00| 0 eng d | ||
| 020 | _a9695190804 | ||
| 040 | _c0 | ||
| 082 | _a297 NAS 2004 | ||
| 100 | _aNasr,Seyyed Hossein | ||
| 245 |
_aThe Heart of Islam : _bEnduring Values For Humanity _cSeyyed Hossein Nasr |
||
| 260 |
_aLahore _bSuhail Academy _c2004 |
||
| 300 |
_a338p. _bHB. |
||
| 440 | _aThe Heart of Islam :Enduring Values For Humanity | ||
| 500 | _aHB. | ||
| 942 |
_2ddc _cBK |
||
| 999 |
_c351936 _d351936 |
||